000 01419nam0a22003011 4500
001 rc\4347918
005 20130416135254.3
021 _aRU
_b[65-17449]
035 _a(NLR Aleph) 008527898
090 _a8269457
_c8269457
100 _a20130416d1965 |||y0rusy50 ca
101 0 _arus
102 _aRU
105 _aa z |||||
200 1 _aГидромеханические коробки передач с гидрозамедлителем
_eОбзор отечеств. и зарубежных конструкций
_fГос. ком. автотракт. и с.-х. машиностроения при Госплане СССР. Науч.-исслед. ин-т информации по автотракт. и с.-х. машиностроению "НИИНАвтосельхозмаш"
210 _aМосква
_cБ. и.
_d1965
215 _a40 с.
_cчерт.
_d21
225 1 _aСерия "Автомобилестроение"
300 _aНа обл. авт. не указан
320 _aБиблиогр.: с. 38-39 (16 назв.)
606 _aАвтомобильные тормоза
_2psbo
606 _aКоробки передач автомобильные, гидромеханические
_2psbo
700 1 _aГапоян
_bД. Т.
_gДмитрий Трдатович
801 0 _aRU
_bNLR
_gpsbo
801 1 _aRU
_bELAR
_2rusmarc
852 _aNLR
_j65-6/2812
942 _cBOOK
980 _aNB